Statistics for Countries with the Most Homeless People

Click here to take the quiz!

General Stats

  • This quiz has been taken 423 times
  • The average score is 11 of 20

Answer Stats

# HomelessCountry% Correct
564,708United States
99%
2,579,000China
95%
1,770,000India
91%
5,000,000Russia
86%
141,500France
74%
200,000Canada
73%
380,000Germany
72%
24,400,000Nigeria
71%
3,000,000Indonesia
68%
7,000,000South Africa
67%
105,237Australia
62%
1,000,000Ukraine
58%
2,000,000Venezuela
37%
2,300,000Haiti
27%
500,000Uganda
25%
1,200,000Zimbabwe
22%
1,000,000Honduras
20%
475,000Guatemala
19%
100,000Togo
7%
143,000Bosnia & Herzegovina
5%

Score Distribution

Percentile by Number Answered

Percent of People with Each Score

Your Score History

You have not taken this quiz